Obras [de Adolfo Martínez Palomo] : biología celular de parásitos /

Selección de artículos del autor publicados entre 1995 y 2006 en los que se abordan temas relacionados con la biología de enfermedades parasitarias frecuentes en México. Se incluyen cuatro apartados: a) Amibiasis; b) Giardiasis; c) Tricomoniasis; d) Paludismo.

保存先:
書誌詳細
第一著者: Martínez Palomo, Adolfo (autor)
その他の著者: Zúñiga, Carlos Francisco (edición) (edición)
フォーマット: 図書
言語:スペイン語
出版事項: México : El Colegio Nacional, 2007, c2007
主題:
タグ: タグ追加
タグなし, このレコードへの初めてのタグを付けませんか!

MARC

LEADER 00000nam^a2200000^a^4500
001 000303798
005 20250521000000.0
009 20260310112658.49
020 |a 970-640-336-1 
037 |a Acervo ITESO - Biblioteca 
041 |a ESP 
082 |a 868.  |b OBR MAP V. 5 
100 |a Martínez Palomo, Adolfo  |e (autor) 
240 1 1 |a [Obras de El Colegio Nacional] 
240 1 1 |a [Obras de Adolfo Martínez Palomo] 
245 1 0 |a Obras [de Adolfo Martínez Palomo] :  |b biología celular de parásitos /  |c A. Martínez Palomo ; ed. de C.F. Zúñiga. 
264 4 |a México :  |b El Colegio Nacional,  |c 2007, c2007 
300 |a XII, 233 p. 
336 |a texto  |b txt  |2 rdacontenido 
337 |a sin mediación  |b n  |2 rdamedio 
338 |a volumen  |b nc  |2 rdasoporte 
520 |a Selección de artículos del autor publicados entre 1995 y 2006 en los que se abordan temas relacionados con la biología de enfermedades parasitarias frecuentes en México. Se incluyen cuatro apartados: a) Amibiasis; b) Giardiasis; c) Tricomoniasis; d) Paludismo. 
649 |a XX 
650 |a Giardia Lambia 
650 |a Tricomonas Vaginales 
650 |a Paludismo 
650 |a Amebiasis 
650 |a Parásitos -  |x Tema Principal 
650 |a Enfermedades Parasitarias -  |x Diagnóstico -  |x Tema Principal 
650 |a Parasitología -  |x Tema Principal 
650 |a Citología -  |x Investigación 
650 |a Biología 
650 |a Ciencia -  |x Difusión 
650 |a Literatura Científica, Profesional y Académica -  |z México 
740 0 |a Biología celular de parásitos /  |c A. Martínez Palomo ; ed. de C.F. Zúñiga. 
700 |a Zúñiga, Carlos Francisco  |e (edición) 
910 |a Fondo General 
920 |a Impresos - Libros 
930 |a Colección General 
940 |a Literatura 
905 |a 101 
901 |a 0500190157  |b IT1  |c LIT  |u 20250521 
902 |a https://opac.biblio.iteso.mx/vufind/Record/000303798